Составление эталонной коллекции Синюхинского рудного поля и выявление структурных условий локализации золотого оруденения: Заключительный отчет о НИР; Тема: х/д 2-1/87

Détails bibliographiques
Collectivité auteur: Томский политехнический институт (ТПИ) (595)
Autres auteurs: Коробейников А. Ф. (руководитель), Шубин Г. В. (исполнитель), Коротких С. А.
Langue:russe
Publié: Томск, 1990
Sujets:
Format: MixedMaterials Livre
KOHA link:https://koha.lib.tpu.ru/cgi-bin/koha/opac-detail.pl?biblionumber=153544

MARC

LEADER 00000nbm0a2200000 4500
001 153544
005 20231031151438.0
029 0 0 |a SU  |b 01870027898  |f ТПУ 
035 |a (RuTPU)RU\TPU\book\166573 
090 |a 153544 
100 |a 20090213d1990 k y0rusy50 ca 
101 0 |a rus 
102 |a RU 
105 |a a p 001zy 
200 1 |a Составление эталонной коллекции Синюхинского рудного поля и выявление структурных условий локализации золотого оруденения  |e Заключительный отчет о НИР  |e Тема: х/д 2-1/87  |f Томский политехнический институт (ТПИ) ; руководитель А. Ф. Коробейников ; руководитель Г. В. Шубин ; С. А. Коротких 
210 |a Томск  |d 1990 
215 |a 248 л. 
320 |a Библиогр.: с. 243-248. 
610 1 |a отчеты о НИР 
610 1 |a золото 
610 1 |a минералогия 
610 1 |a петрография 
610 1 |a геохимия 
610 1 |a оруденение 
610 1 |a структурный контроль 
610 1 |a поисковые критерии 
675 |a 553.411(04)  |v 3 
702 1 |a Коробейников  |b А. Ф.  |4 673 
702 1 |a Шубин  |b Г. В.  |4 673 
702 1 |a Коротких  |b С. А.  |4 677 
712 0 2 |a Томский политехнический институт (ТПИ)  |c (1944-1991)  |2 stltpush  |3 (RuTPU)RU\TPU\col\1123  |4 595 
801 1 |a RU  |b 63413507  |c 20090213  |g PSBO 
801 2 |a RU  |b 63413507  |c 20090213  |g PSBO 
942 |c BK